La conquista del desierto. síntesis histórica de los principales sucesos ocurridos y operaciones militares realizadas en La Pampa y Patagonia, contra los indios
Saved in:
| Main Author: | |
|---|---|
| Format: | Book |
| Language: | Spanish |
| Published: |
Buenos Aires
Eudeba
1980
|
| Edition: | 4a. ed |
| Series: | Lucha de Frontera con el Indio
|
| Subjects: | |
| Tags: |
Add Tag
No Tags, Be the first to tag this record!
|
MARC
| LEADER | 00000nam a2200000 a 4500 | ||
|---|---|---|---|
| 001 | UCO5755 | ||
| 003 | CL-VaPUC | ||
| 008 | 000915e19800000AG |||||||||||||||||spa|d | ||
| 082 | 0 | 4 | |a 982 |b WAL |2 21 |
| 100 | 0 | |a Walther, Juan Carlos |e author |9 450558 | |
| 245 | 1 | 3 | |a La conquista del desierto. síntesis histórica de los principales sucesos ocurridos y operaciones militares realizadas en La Pampa y Patagonia, contra los indios |
| 250 | |a 4a. ed | ||
| 300 | |a 629 p | ||
| 942 | |c BK | ||
| 945 | |d 20000915 00:00:00 |a crobeson | ||
| 260 | |a Buenos Aires |b Eudeba |c 1980 | ||
| 650 | 0 | |a Historia de Argentina |9 319851 | |
| 650 | 0 | |a Operaciones militares |9 372045 | |
| 650 | 7 | |a INDIOS DE ARGENTINA |2 CL-VaPUC |9 323420 | |
| 651 | 0 | |a Argentina |9 254888 | |
| 651 | 7 | |a PAMPA ARGENTINA |2 CL-VaPUC |9 447031 | |
| 651 | 0 | |a Patagonia |9 269580 | |
| 583 | |a last modification |c 20000915 00:00:00 |k Rodrigo Vera | ||
| 490 | 0 | |a Lucha de Frontera con el Indio | |
| 999 | |c 291585 |d 291583 | ||
| 952 | |0 0 |1 0 |4 0 |6 982_000000000000000_WAL_1980 |7 0 |8 A |9 341549 |a BIBART |b BIBART |d 2019-11-20 |i 1222236 |o 982 WAL 1980 |p 1222236 |r 2025-03-13 |w 2019-11-20 |y BK |k ART | ||